Курс аналитической геометрии; Ч. 1; Основные понятия. Определители. Прямая и плоскость. Окружность и поверхность шара. Геометрические места

Detalles Bibliográficos
Autor Principal: Некрасов В. Л. Владимир Леонидович
Autor Corporativo: Томский технологический институт (ТТИ)
Summary:Текст в русской дореформенной орфографии
Литогр. изд.
Idioma:ruso
Publicado: [Томск], [1909]
Subjects:
Formato: Libro
KOHA link:https://koha.lib.tpu.ru/cgi-bin/koha/opac-detail.pl?biblionumber=351298

MARC

LEADER 00000nam0a2200000 4500
001 351298
005 20241113150434.0
035 |a (RuTPU)RU\TPU\retro\6324 
035 |a RU\TPU\book\203055 
090 |a 351298 
100 |a 20190531d1909 k y0rusy50 ca 
101 0 |a rus 
102 |a RU 
105 |a a j 000zy 
200 1 |a Курс аналитической геометрии  |h Ч. 1  |i Основные понятия. Определители. Прямая и плоскость. Окружность и поверхность шара. Геометрические места  |f В. Л. Некрасов  |g Томский технологический институт (ТТИ) Императора Николая II 
210 |a [Томск]  |d [1909] 
215 |a 585 с.  |c черт. 
300 |a Текст в русской дореформенной орфографии 
300 |a Литогр. изд. 
316 |5 63413507: ШкА/148  |a Владельческий переплет ТТИ 
316 |5 63413507: ШкА/148  |a На с. 1 надпись: "По Счету Царева от 8/III 913 г. 2 р. 20 коп." 
316 |5 63413507: ШкА/148  |a На корешке указан автор Молин, название "Аналитическая геометрия" 
517 1 |a Курсъ аналитической геометрiи  |z chu 
606 1 |a Аналитическая геометрия  |2 stltpush  |3 (RuTPU)RU\TPU\subj\28991  |9 52410 
610 1 |a учебные пособия 
610 1 |a труды учёных ТПУ 
610 1 |a Коллекция ТПУ 
610 1 |a владельческие знаки 
610 1 |a точки 
610 1 |a прямые 
610 1 |a проекции 
610 1 |a определители 
610 1 |a координаты 
610 1 |a кривые 
610 1 |a плоскости 
610 1 |a окружности 
610 1 |a шары 
610 1 |a геометрические места 
675 |a 514.12(075.8)  |v 3 
700 1 |a Некрасов  |b В. Л.  |c математик  |c профессор Томского технологического института  |f 1864-1922  |g Владимир Леонидович  |3 (RuTPU)RU\TPU\pers\10488 
712 0 2 |a Томский технологический институт (ТТИ)  |c (1896-1923)  |3 (RuTPU)RU\TPU\col\9244 
801 0 |a RU  |b 63413507  |c 20011210  |g PSBO 
801 2 |a RU  |b 63413507  |c 20190531  |g PSBO 
942 |c BK